Statistiken für Länder nach Satellitenbild #4

Klicken Sie hier um das Quiz zu spielen!

Allgemein

  • Dieses Quiz wurde 4.495 mal gespielt
  • Das Durchschnittsergebnis liegt bei 10 aus 16

Antwortstatistiken

Antwort% Korrekt
Mexiko
99%
Indien
98%
Schweden
94%
Vatikanstadt
85%
Dänemark
83%
Schweiz
66%
Papua-Neuguinea
65%
Südkorea
64%
Taiwan
62%
Costa Rica
57%
Nicaragua
54%
Trinidad und Tobago
50%
Estland
45%
Rumänien
26%
Aserbaidschan
24%
Bolivien
24%

Verteilung der Resultate

Perzentil nach korrekt beantworteten Fragen

Anzahl Personen mit jedem Resultat

Ihre Resultats-Entwicklung

Sie haben dieses Quiz noch nicht gespielt